| 000 | 01499nam a2200301Ia 4500 | ||
|---|---|---|---|
| 999 |
_c53391 _d53391 |
||
| 001 | 20434 | ||
| 003 | GE_BSU | ||
| 005 | 20220407102637.0 | ||
| 008 | 181216s1990||||ge |||||||||||||| ||geo|| | ||
| 040 | _cGE_BSU | ||
| 041 | _ageo | ||
| 080 | _a811.353.1-8(075.3) შ-21 | ||
| 100 |
_aშანიძე, აკაკი _99837 |
||
| 245 |
_aქართული ენა (სინტაქსი, პუნქტუაცია, მეტყველების განვითარება, ძველი ქართული ენა) : _bმე-9 კლ. სახელმძღვანელო / _cაკაკი შანიძე, ლევან კვაჭაძე ; რედ. ე. პოლოლიკაშვილი. |
||
| 250 | _aმე-3 გამოცემა | ||
| 264 |
_aთბილისი : _bგანათლება, _c1990. |
||
| 300 | _a96 გვ. ; 21 სმ.. | ||
| 541 | _h30 თ. | ||
| 653 | _aმე-9 კლ. სახელმძღვანელო | ||
| 653 | _aქართული ენა | ||
| 653 | _aსინტაქსი | ||
| 653 | _aპუნქტუაცია | ||
| 653 | _aმეტყველების განვითარება | ||
| 653 | _a ძველი ქართული ენა | ||
| 700 |
_a კვაჭაძე, ლევან _eავტორი _99838 |
||
| 700 |
_aპოლოლიკაშვილი, ე _eრედაქტორი _94959 |
||
| 942 |
_cBK _2udc |
||